书目信息 |
| 题名: |
生态作文教学
|
|
| 作者: | 谈永康 著 | |
| 分册: | ||
| 出版信息: | 福州 福建教育出版社 2021.5 |
|
| 页数: | 256页 | |
| 开本: | 24cm | |
| 丛书名: | ||
| 单 册: | ||
| 中图分类: | G623.242 | |
| 科图分类: | ||
| 主题词: | 作文课--教学研究--小学 | |
| 电子资源: | ||
| ISBN: | 978-7-5334-8995-3 | |
| 000 | 00927nam0 2200229 45 | |
| 001 | 012001002355 | |
| 005 | 20140823102410.0 | |
| 010 | @a978-7-5334-8995-3@dCNY42.00 | |
| 100 | @a20210527d2021 em y0chiy0110 ea | |
| 101 | 0 | @achi |
| 102 | @aCN@b350000 | |
| 105 | @ay z 000yy | |
| 106 | @ar | |
| 200 | 1 | @a生态作文教学@Asheng tai zuo wen jiao xue@f谈永康著 |
| 210 | @a福州@c福建教育出版社@d2021.5 | |
| 215 | @a256页@d24cm | |
| 330 | @a本书不仅诠释了“生态作文”这个核心概念——所谓的“生态作文”就是以生态学习环境创设为切入口,以学生观察、游戏、发表等为主要活动方式,以联系、整体、平衡儿童身心和谐发展为目标,提高儿童习作力的学习活动,还系统提出了自己的作文教学理念和教学行为,阐述了自己有关生态作文的教学理念-教学实践-教师发展的一体化思考和建议。 | |
| 606 | 0 | @a作文课@x教学研究@x小学 |
| 690 | @aG623.242@v5 | |
| 701 | 0 | @a谈永康@Atan yong kang@4著 |
| 801 | @aCN@bAHXH@c20210922 | |
| 905 | @b1254096-100@dG623.242@e1742@f5 | |
| 生态作文教学/谈永康著.-福州:福建教育出版社,2021.5 |
| 256页;24cm |
| ISBN 978-7-5334-8995-3:CNY42.00 |
| 本书不仅诠释了“生态作文”这个核心概念——所谓的“生态作文”就是以生态学习环境创设为切入口,以学生观察、游戏、发表等为主要活动方式,以联系、整体、平衡儿童身心和谐发展为目标,提高儿童习作力的学习活动,还系统提出了自己的作文教学理念和教学行为,阐述了自己有关生态作文的教学理念-教学实践-教师发展的一体化思考和建议。 |
| ● |
| 相关链接 |
|
|
|
|
正题名:生态作文教学
索取号:G623.242/1742
 
预约/预借
| 序号 | 登录号 | 条形码 | 馆藏地/架位号 | 状态 | 备注 |
| 1 | 1254096 | 212540963 | 第一样本阅览室/ [索取号:G623.242/1742] | 在馆 | |
| 2 | 1254097 | 212540972 | 教育系资料室/ [索取号:G623.242/1742] | 在馆 | |
| 3 | 1254098 | 212540981 | 教育系资料室/ [索取号:G623.242/1742] | 在馆 | |
| 4 | 1254099 | 212540990 | 第四借阅区/ [索取号:G623.242/1742] | 在馆 | |
| 5 | 1254100 | 212541007 | 第四借阅区/ [索取号:G623.242/1742] | 在馆 |